Papiri laurenziani copti (PLaur. V) /

محفوظ في:

مؤلفون آخرون: Browne, Gerald M.

التنسيق: كتاب

اللغة: Italian

منشور في: Firenze : Gonnelli, 1984.

سلاسل: Papyrologica Florentina ; 13.

الموضوعات:

الوسوم: إضافة وسم

لا توجد وسوم, كن أول من يضع وسما على هذه التسجيلة!

رقم الطلب: PA3310 .B58 v.5

LEADER 00812nam a22002417a 4500
003 OSt
005 20250929080940.0
008 250929s1984 it fh g b 001 0 ita d
010 |a 84250975 
040 |c ARCE Library 
050 1 4 |a PA3310  |b .B58 v.5 
245 1 0 |a Papiri laurenziani copti (PLaur. V) /   |c Gerald M. Browne. 
264 1 |a Firenze :   |b Gonnelli,   |c 1984. 
300 |a 46 p., [8] folded leaves of plates :   |b facsimiles ;  |c 31 cm. 
490 1 |a Papyrologica Florentina ;   |v 13. 
504 |a Includes bibliographical references (pages [45]-[46]) and indexes. 
610 2 0 |a Biblioteca medicea laurenziana  |v Catalogs. 
650 0 |a Coptic manuscripts (Papyri)  |v Catalogs. 
700 1 |a Browne, Gerald M., 
830 0 |a Papyrologica Florentina ;   |v 13. 
901 |a reviewed 
942 |c BK  |2 lcc 
999 |c 22283  |d 22283